|
|
|
|
| LEADER |
00000naa2a2200000 4500 |
| 001 |
98137 |
| 005 |
20231031111233.0 |
| 035 |
|
|
|a (RuTPU)RU\TPU\book\105181
|
| 090 |
|
|
|a 98137
|
| 100 |
|
|
|a 20060614d2005 k y0rusy50 ca
|
| 101 |
0 |
|
|a rus
|
| 102 |
|
|
|a RU
|
| 200 |
1 |
|
|a Государственное регулирование рынка недвижимости и обеспечение экономической безопасности стран
|f А. П. Галкина
|
| 320 |
|
|
|a Библиогр.: 1 назв.
|
| 463 |
|
0 |
|0 (RuTPU)RU\TPU\book\67901
|t Экономика России в XXI веке
|o сборник научных трудов II Всероссийской научно-практической конференции студентов, аспирантов и молодых ученых "Теоретические проблемы экономической безопасности России в XXI веке"
|f Томский политехнический университет, Инженерно-экономический факультет; под ред. Г. А. Барышевой
|v С. 118-120
|d 2005
|p 220 с.
|
| 610 |
1 |
|
|a недвижимость
|
| 610 |
1 |
|
|a государственное регулирование
|
| 610 |
1 |
|
|a экономическая безопасность
|
| 610 |
1 |
|
|a рынок недвижимости
|
| 610 |
1 |
|
|a труды учёных ТПУ
|
| 700 |
|
1 |
|a Галкина
|b А. П.
|
| 801 |
|
1 |
|a RU
|b 63413507
|c 20060614
|g PSBO
|
| 801 |
|
2 |
|a RU
|b 63413507
|c 20150629
|g RCR
|
| 942 |
|
|
|c BK
|